[Event "GBR-ch108 Senior 65+"]
[Site "Torquay"]
[Date "2022.08.21"]
[Round "7.18"]
[White "Ingham, H William"]
[Black "Smith, Graham"]
[Result "1/2-1/2"]
[WhiteElo "1842"]
[BlackElo "1985"]
[PlyCount "36"]
[EventDate "2022.08.15"]
[EventType "swiss"]
[EventRounds "7"]
[EventCountry "GBR"]
[SourceTitle "BritBase"]
[Source "John Saunders"]
[SourceDate "2021.06.05"]
[SourceVersion "1"]
[SourceVersionDate "2021.06.05"]
[SourceQuality "1"]
[WhiteTeam "England"]
[BlackTeam "England"]
[WhiteTeamCountry "ENG"]
[BlackTeamCountry "ENG"]

1. d4 Nf6 2. e3 g6 3. Nf3 Bg7 4. Bd3 d5 5. O-O O-O 6. Nbd2 Nbd7 7. c3 c5 8. Qe2
Qc7 9. b4 b6 10. Bb2 Bb7 11. Ba6 c4 12. Bxb7 Qxb7 13. Rfe1 b5 14. h3 Ne4 15.
Nxe4 dxe4 16. Nd2 f5 17. f4 Nb6 18. Rac1 Nd5 1/2-1/2

[Event "GBR-ch108 Senior 65+"]
[Site "Torquay"]
[Date "2022.08.21"]
[Round "7.19"]
[White "Moore, Gillian A"]
[Black "Vickery, Jim E"]
[Result "1/2-1/2"]
[WhiteElo "1768"]
[BlackElo "1927"]
[PlyCount "53"]
[EventDate "2022.08.15"]
[EventType "swiss"]
[EventRounds "7"]
[EventCountry "GBR"]
[SourceTitle "BritBase"]
[Source "John Saunders"]
[SourceDate "2021.06.05"]
[SourceVersion "1"]
[SourceVersionDate "2021.06.05"]
[SourceQuality "1"]
[WhiteTeam "England"]
[BlackTeam "England"]
[WhiteTeamCountry "ENG"]
[BlackTeamCountry "ENG"]

1. d4 Nf6 2. Bg5 Ne4 3. h4 h6 4. Bf4 d5 5. Nd2 Bf5 6. e3 Nxd2 7. Qxd2 e6 8.
Bb5+ c6 9. Ba4 Bd6 10. Bxd6 Qxd6 11. Nf3 Nd7 12. O-O O-O 13. c3 Be4 14. Qe2 Qe7
15. g3 e5 16. Rfe1 Bf5 17. Rac1 e4 18. Nh2 b5 19. Bc2 Bg6 20. Qf1 Qe6 21. Bd1
f5 22. Kh1 Nf6 23. a4 a6 24. a5 Ne8 25. b4 Nf6 26. Qh3 h5 27. Qf1 1/2-1/2

[Event "GBR-ch108 Senior 65+"]
[Site "Torquay"]
[Date "2022.08.21"]
[Round "7.20"]
[White "Smith, David"]
[Black "Collinson, Mark I"]
[Result "0-1"]
[WhiteElo "1831"]
[BlackElo "1854"]
[PlyCount "44"]
[EventDate "2022.08.15"]
[EventType "swiss"]
[EventRounds "7"]
[EventCountry "GBR"]
[SourceTitle "BritBase"]
[Source "John Saunders"]
[SourceDate "2021.06.05"]
[SourceVersion "1"]
[SourceVersionDate "2021.06.05"]
[SourceQuality "1"]
[WhiteTeam "England"]
[BlackTeam "England"]
[WhiteTeamCountry "ENG"]
[BlackTeamCountry "ENG"]

1. e4 c5 2. Nf3 d6 3. d4 cxd4 4. Nxd4 Nf6 5. Nc3 g6 6. f4 Bg7 7. e5 Nfd7 8.
exd6 O-O 9. Be2 exd6 10. Ndb5 Nf6 11. Qxd6 Nc6 12. Qxd8 Rxd8 13. O-O Bf5 14.
Be3 a6 15. Nc7 Rac8 16. Bb6 Rd7 17. Rad1 Rdxc7 18. Bxc7 Rxc7 19. Bd3 Bg4 20.
Be2 Bxe2 21. Nxe2 Ng4 22. Rf3 Re7 0-1

[Event "GBR-ch108 Senior 65+"]
[Site "Torquay"]
[Date "2022.08.21"]
[Round "7.23"]
[White "Gunn, Michael J"]
[Black "Chadwick, Susan E"]
[Result "0-1"]
[WhiteElo "1598"]
[BlackElo "1427"]
[PlyCount "100"]
[EventDate "2022.08.15"]
[EventType "swiss"]
[EventRounds "7"]
[EventCountry "GBR"]
[SourceTitle "BritBase"]
[Source "John Saunders"]
[SourceDate "2021.06.05"]
[SourceVersion "1"]
[SourceVersionDate "2021.06.05"]
[SourceQuality "1"]
[WhiteTeam "England"]
[BlackTeam "England"]
[WhiteTeamCountry "ENG"]
[BlackTeamCountry "ENG"]

1. e4 c6 2. d4 d5 3. exd5 cxd5 4. c4 Nf6 5. Nc3 Nc6 6. Nf3 Bg4 7. cxd5 Nxd5 8.
Be2 e6 9. h3 Bh5 10. a3 Be7 11. O-O O-O 12. Ne4 Nf6 13. Nxf6+ Bxf6 14. Be3 Rc8
15. Rc1 a6 16. g4 Bg6 17. b4 h6 18. Qd2 Be4 19. Nh2 Nxd4 20. Rxc8 Nxe2+ 21.
Qxe2 Qxc8 22. Bxh6 Bc6 23. Be3 Bb5 24. Qf3 Bxf1 25. Nxf1 Rd8 26. Ng3 Qc6 27.
Qe2 Qd6 28. Kh2 Bd4 29. Bg5 Bf6 30. Be3 Be5 31. Qf3 Bxg3+ 32. Qxg3 Qxg3+ 33.
Kxg3 Rd3 34. a4 b5 35. axb5 axb5 36. Kg2 g6 37. Bc5 g5 38. Be7 Rd5 39. Kg3 Kg7
40. Bc5 Kf6 41. h4 gxh4+ 42. Kxh4 Ke5 43. f3 Kf4 44. g5 Kxf3 45. Be7 e5 46. Kh3
e4 47. Kh2 e3 48. g6 fxg6 49. Kg1 e2 50. Bh4 Rd1+ 0-1

[Event "GBR-ch108 Senior 65+"]
[Site "Torquay"]
[Date "2022.08.21"]
[Round "7.26"]
[White "Berkley, Stephen W"]
[Black "Tidmarsh, David A"]
[Result "1-0"]
[WhiteElo "1562"]
[BlackElo "1802"]
[PlyCount "73"]
[EventDate "2022.08.15"]
[EventType "swiss"]
[EventRounds "7"]
[EventCountry "GBR"]
[SourceTitle "BritBase"]
[Source "John Saunders"]
[SourceDate "2021.06.05"]
[SourceVersion "1"]
[SourceVersionDate "2021.06.05"]
[SourceQuality "1"]
[WhiteTeam "England"]
[BlackTeam "England"]
[WhiteTeamCountry "ENG"]
[BlackTeamCountry "ENG"]

1. d4 d5 2. c4 e6 3. Nc3 Nf6 4. Nf3 a6 5. cxd5 exd5 6. Bg5 Be7 7. e3 O-O 8. Bd3
h6 9. Bh4 b6 10. O-O Bb7 11. Qc2 Nbd7 12. Rac1 Rc8 13. Qe2 Ra8 14. Rfd1 Re8 15.
Bb1 Nh5 16. Bxe7 Qxe7 17. Qc2 g6 18. Qb3 Nhf6 19. Ne2 Rac8 20. Nf4 a5 21. Nd3
Ba6 22. Nfe5 Bxd3 23. Nxd3 Kg7 24. Nf4 g5 25. Nxd5 Nxd5 26. Qxd5 Nf8 27. Qf5
Ng6 28. Rc6 Red8 29. Rdc1 h5 30. a3 h4 31. h3 Rd7 32. Rxb6 cxb6 33. Rxc8 Rd6
34. Qb5 Qe6 35. Bf5 Qd5 36. Qxd5 Rxd5 37. Bxg6 1-0

[Event "GBR-ch108 Week One Open"]
[Site "Torquay"]
[Date "2022.08.08"]
[Round "1"]
[White "Lane, Gary W"]
[Black "Rathbone-Jones, Ifan"]
[Result "1-0"]
[WhiteElo "2328"]
[BlackElo "2006"]
[PlyCount "51"]
[EventDate "2022.08.08"]
[EventType "swiss"]
[EventRounds "7"]
[EventCountry "GBR"]
[SourceTitle "BritBase"]
[Source "John Saunders"]
[SourceDate "2021.06.05"]
[SourceVersion "1"]
[SourceVersionDate "2021.06.05"]
[SourceQuality "1"]

1. e4 d6 2. d4 Nf6 3. Nc3 g6 4. Be3 a6 5. Qd2 b5 6. f3 Nbd7 7. Nge2 Nb6 8. Ng3
h5 9. Bd3 h4 10. Nge2 h3 11. g4 Bxg4 12. fxg4 Nxg4 13. Bg5 Qd7 14. O-O c5 15.
Nd5 Nxd5 16. exd5 Rh5 17. Ng3 Rxg5 18. Qxg5 Bh6 19. Qh4 Be3+ 20. Kh1 O-O-O 21.
Nf5 e6 22. Ne7+ Kc7 23. Nc6 Nxh2 24. Rxf7 Bg1 25. Qxd8+ Kb7 26. Qb8# 1-0

[Event "GBR-ch108 Week One Open"]
[Site "Torquay"]
[Date "2022.08.08"]
[Round "1"]
[White "Rushbrooke, Remy"]
[Black "Smith, Mark P"]
[Result "1/2-1/2"]
[WhiteElo "1912"]
[BlackElo "1850"]
[PlyCount "70"]
[EventDate "2022.08.08"]
[EventType "swiss"]
[EventRounds "7"]
[EventCountry "GBR"]
[SourceTitle "BritBase"]
[Source "John Saunders"]
[SourceDate "2021.06.05"]
[SourceVersion "1"]
[SourceVersionDate "2021.06.05"]
[SourceQuality "1"]

1. d4 e6 2. Nf3 b6 3. e4 Bb7 4. Nc3 Bb4 5. Bd3 Nf6 6. Qe2 d6 7. O-O Bxc3 8.
bxc3 h6 9. h3 Nbd7 10. Bf4 Qe7 11. e5 Nd5 12. Bd2 dxe5 13. Nxe5 Nxe5 14. Qxe5
Qf6 15. Qe4 O-O-O 16. Qe2 Nf4 17. Bxf4 Qxf4 18. Ba6 Rd5 19. a4 Ra5 20. Bxb7+
Kxb7 21. Rfb1 Rd8 22. Rb5 Rd5 23. Rxd5 Rxd5 24. Rd1 e5 25. Qc4 Ra5 26. Qb4 Rd5
27. Qb3 Ra5 28. g3 Qf5 29. d5 Qxh3 30. d6 Qd7 31. Rd5 Rxd5 32. Qxd5+ Kb8 33.
Qxe5 f6 34. dxc7+ Qxc7 35. Qd4 Kb7 1/2-1/2

[Event "GBR-ch108 Week One Open"]
[Site "Torquay"]
[Date "2022.08.08"]
[Round "1"]
[White "Skettos, Nicolas"]
[Black "Dignam, Matthew P"]
[Result "1/2-1/2"]
[WhiteElo "1921"]
[BlackElo "2080"]
[PlyCount "60"]
[EventDate "2022.08.08"]
[EventType "swiss"]
[EventRounds "7"]
[EventCountry "GBR"]
[SourceTitle "BritBase"]
[Source "John Saunders"]
[SourceDate "2021.06.05"]
[SourceVersion "1"]
[SourceVersionDate "2021.06.05"]
[SourceQuality "1"]

1. e4 d6 2. d4 Nf6 3. Nc3 c6 4. f4 Qa5 5. Bd3 e5 6. Nf3 Bg4 7. Be3 Nbd7 8. O-O
Be7 9. h3 Bh5 10. Qe1 O-O 11. Nd5 Qd8 12. Nxe7+ Qxe7 13. Nh4 exf4 14. Nf5 Qe6
15. Bxf4 d5 16. e5 Ne8 17. Qh4 Bg6 18. Ne7+ Kh8 19. Be2 Be4 20. Bg4 f5 21. exf6
Qxf6 22. Qxf6 Nexf6 23. Bd6 Nxg4 24. hxg4 g6 25. c3 Kg7 26. Rxf8 Rxf8 27. Re1
Kf7 28. Rf1+ Ke6 29. Rxf8 Nxf8 30. Nc8 Kd7 1/2-1/2

[Event "GBR-ch108 Week One Open"]
[Site "Torquay"]
[Date "2022.08.08"]
[Round "1"]
[White "Tambini, Jasper"]
[Black "Arkell, Keith C"]
[Result "0-1"]
[WhiteElo "2040"]
[BlackElo "2409"]
[PlyCount "80"]
[EventDate "2022.08.08"]
[EventType "swiss"]
[EventRounds "7"]
[EventCountry "GBR"]
[SourceTitle "BritBase"]
[Source "John Saunders"]
[SourceDate "2021.06.05"]
[SourceVersion "1"]
[SourceVersionDate "2021.06.05"]
[SourceQuality "1"]

1. e4 d5 2. exd5 Qxd5 3. Nc3 Qd8 4. d4 Nf6 5. Bc4 c6 6. Nge2 g6 7. O-O Bg7 8.
f3 O-O 9. Be3 Nbd7 10. Qd2 Nb6 11. Bb3 Nbd5 12. Nxd5 cxd5 13. Nf4 b6 14. Rfe1
Bb7 15. Nd3 Ne8 16. c3 Nd6 17. Bh6 Bxh6 18. Qxh6 e6 19. Ne5 Nf5 20. Qf4 Qh4 21.
Qxh4 Nxh4 22. Bc2 f6 23. Nd3 Rfe8 24. Kf2 g5 25. g3 Nf5 26. a4 a5 27. Re2 Kf7
28. Rae1 Nd6 29. Kg2 Ba6 30. Rf2 h5 31. h3 Rac8 32. g4 Rh8 33. Rfe2 Rce8 34.
Re3 Rh6 35. Bb1 Bc8 36. Nf2 Bd7 37. b3 Rc8 38. Nd3 hxg4 39. fxg4 Ne4 40. c4
dxc4 0-1

[Event "GBR-ch108 Week One Open"]
[Site "Torquay"]
[Date "2022.08.09"]
[Round "2"]
[White "Arkell, Keith C"]
[Black "Collins, Jonathan L"]
[Result "1-0"]
[WhiteElo "2409"]
[BlackElo "1823"]
[PlyCount "67"]
[EventDate "2022.08.08"]
[EventType "swiss"]
[EventRounds "7"]
[EventCountry "GBR"]
[SourceTitle "BritBase"]
[Source "John Saunders"]
[SourceDate "2021.06.05"]
[SourceVersion "1"]
[SourceVersionDate "2021.06.05"]
[SourceQuality "1"]

1. d4 Nf6 2. Nf3 c5 3. d5 b5 4. Bg5 d6 5. Bxf6 exf6 6. e4 a6 7. a4 b4 8. a5 g6
9. Nbd2 f5 10. exf5 Bg7 11. fxg6 hxg6 12. Nc4 Ra7 13. Be2 Bb7 14. h4 Kf8 15. g3
Ba8 16. Qd3 Nd7 17. Kf1 Rh5 18. Ne3 Bxb2 19. Rb1 Bc3 20. Kg2 c4 21. Qxc4 Qxa5
22. Qf4 Ne5 23. Nxe5 dxe5 24. Qc4 Rh8 25. h5 Rc7 26. Qd3 gxh5 27. Bxh5 Bd4 28.
Bf3 Rg8 29. c4 Qc5 30. Nf5 Qxc4 31. Qd2 e4 32. Qh6+ Bg7 33. Qd6+ Ke8 34. Nxg7+
1-0

[Event "GBR-ch108 Week One Open"]
[Site "Torquay"]
[Date "2022.08.09"]
[Round "2"]
[White "Dignam, Matthew P"]
[Black "Lane, Gary W"]
[Result "0-1"]
[WhiteElo "2080"]
[BlackElo "2328"]
[PlyCount "88"]
[EventDate "2022.08.08"]
[EventType "swiss"]
[EventRounds "7"]
[EventCountry "GBR"]
[SourceTitle "BritBase"]
[Source "John Saunders"]
[SourceDate "2021.06.05"]
[SourceVersion "1"]
[SourceVersionDate "2021.06.05"]
[SourceQuality "1"]

1. e4 e5 2. Nf3 Nc6 3. Bb5 a6 4. Ba4 Nf6 5. d3 Bc5 6. c3 d6 7. O-O Ba7 8. Re1
O-O 9. Nbd2 Ng4 10. Re2 f5 11. exf5 Bxf5 12. Nf1 Kh8 13. Bg5 Qe8 14. Qd2 h6 15.
Bh4 g5 16. Bg3 Qg6 17. Bc2 Rf7 18. h3 Nf6 19. Ne3 e4 20. d4 Ne7 21. Nxf5 Nxf5
22. Nh2 c5 23. Nf1 cxd4 24. Bxe4 Nxe4 25. Rxe4 dxc3 26. Qxc3+ Kh7 27. Re2 Raf8
28. Kh2 h5 29. f3 g4 30. fxg4 hxg4 31. Rae1 gxh3 32. gxh3 Nxg3 33. Nxg3 Bf2 34.
Re7 Bxe1 35. Qxe1 Kg8 36. Re2 Rg7 37. Re4 Qf6 38. Re2 Qf4 39. Rg2 Qe5 40. Qd1
d5 41. Qb3 Kh8 42. Qb4 Rf4 43. Qc5 Rf3 44. Qc8+ Rg8 0-1

[Event "GBR-ch108 Week One Open"]
[Site "Torquay"]
[Date "2022.08.09"]
[Round "2"]
[White "Rathbone-Jones, Ifan"]
[Black "Rushbrooke, Remy"]
[Result "0-1"]
[WhiteElo "2006"]
[BlackElo "1912"]
[PlyCount "60"]
[EventDate "2022.08.08"]
[EventType "swiss"]
[EventRounds "7"]
[EventCountry "GBR"]
[SourceTitle "BritBase"]
[Source "John Saunders"]
[SourceDate "2021.06.05"]
[SourceVersion "1"]
[SourceVersionDate "2021.06.05"]
[SourceQuality "1"]

1. d4 f5 2. h4 Nf6 3. Bg5 e6 4. Nd2 Be7 5. Ngf3 b6 6. Bxf6 Bxf6 7. e4 fxe4 8.
Nxe4 Bb7 9. Bd3 Nc6 10. Neg5 Qe7 11. Bxh7 O-O-O 12. Qd2 g6 13. O-O-O Rxh7 14.
Nxh7 Qxh7 15. Rh2 Qg7 16. g4 Na5 17. Ne1 c5 18. f4 Bxd4 19. c3 Nc4 20. Qd3 Be3+
21. Kb1 Bxf4 22. Re2 Ne5 23. Qb5 Nxg4 24. Qa4 g5 25. hxg5 Qxg5 26. Qxa7 Ne3 27.
Rd3 Kc7 28. Ka1 d6 29. Rdxe3 Bxe3 30. Qa3 Qg4 0-1

[Event "GBR-ch108 Week One Open"]
[Site "Torquay"]
[Date "2022.08.09"]
[Round "2"]
[White "Smith, Mark P"]
[Black "Skettos, Nicolas"]
[Result "1-0"]
[WhiteElo "1850"]
[BlackElo "1921"]
[PlyCount "39"]
[EventDate "2022.08.08"]
[EventType "swiss"]
[EventRounds "7"]
[EventCountry "GBR"]
[SourceTitle "BritBase"]
[Source "John Saunders"]
[SourceDate "2021.06.05"]
[SourceVersion "1"]
[SourceVersionDate "2021.06.05"]
[SourceQuality "1"]

1. d4 d5 2. c4 dxc4 3. Nf3 Nf6 4. g3 Be6 5. Bg2 Bd5 6. Nc3 e6 7. O-O c5 8. Ne5
Bxg2 9. Kxg2 cxd4 10. Qa4+ Nbd7 11. Rd1 Bc5 12. Bg5 Rc8 13. Ne4 Rc7 14. Bxf6
gxf6 15. Nxd7 Be7 16. Rxd4 Rxd7 17. Rad1 b5 18. Qxb5 Qa8 19. Qxd7+ Kf8 20. Rxc4
1-0

[Event "GBR-ch108 Week One Open"]
[Site "Torquay"]
[Date "2022.08.09"]
[Round "3"]
[White "Collins, Jonathan L"]
[Black "Dignam, Matthew P"]
[Result "1-0"]
[WhiteElo "1823"]
[BlackElo "2080"]
[PlyCount "123"]
[EventDate "2022.08.08"]
[EventType "swiss"]
[EventRounds "7"]
[EventCountry "GBR"]
[SourceTitle "BritBase"]
[Source "John Saunders"]
[SourceDate "2021.06.05"]
[SourceVersion "1"]
[SourceVersionDate "2021.06.05"]
[SourceQuality "1"]

1. e4 d6 2. d4 Nf6 3. Nc3 c6 4. Be2 b5 5. e5 Nfd7 6. exd6 exd6 7. Bf4 d5 8. Bf3
Nf6 9. Nge2 Be7 10. O-O O-O 11. Re1 Bf5 12. Ng3 Bg6 13. h4 h6 14. h5 Bh7 15.
Qd2 Nbd7 16. a4 Bb4 17. Re2 Nb6 18. axb5 cxb5 19. Qc1 Bxc3 20. bxc3 Na4 21. c4
Nc3 22. Re3 b4 23. Ra6 Qc8 24. Rxf6 gxf6 25. Rxc3 bxc3 26. Bxd5 Rb8 27. Bxb8
Qxb8 28. Be4 f5 29. Bxf5 Qd6 30. Bxh7+ Kxh7 31. Qe3 Rb8 32. Qxc3 Rb1+ 33. Kh2
Qf4 34. Qd3+ Kh8 35. Qe4 Qxf2 36. d5 Re1 37. Qf5 Qg1+ 38. Kh3 Qe3 39. Qf3 Qe5
40. Qxf7 Re3 41. Qf8+ Kh7 42. Qf7+ Kh8 43. Qf8+ Kh7 44. Qf7+ Kh8 45. Qg6 Rxg3+
46. Qxg3 Qxh5+ 47. Qh4 Qf5+ 48. Qg4 Qxc2 49. Qd4+ Kg8 50. d6 Qf5+ 51. Kh2 Qh5+
52. Kg1 Qe8 53. d7 Qd8 54. Qxa7 Kf7 55. c5 Ke6 56. c6 Kd6 57. Qb7 Qa5 58. Qb8+
Kxc6 59. Qc8+ Kb5 60. Qb7+ Kc5 61. Qc8+ Kb5 62. d8=Q 1-0

[Event "GBR-ch108 Week One Open"]
[Site "Torquay"]
[Date "2022.08.09"]
[Round "3"]
[White "Lane, Gary W"]
[Black "Smith, Mark P"]
[Result "1-0"]
[WhiteElo "2328"]
[BlackElo "1850"]
[PlyCount "83"]
[EventDate "2022.08.08"]
[EventType "swiss"]
[EventRounds "7"]
[EventCountry "GBR"]
[SourceTitle "BritBase"]
[Source "John Saunders"]
[SourceDate "2021.06.05"]
[SourceVersion "1"]
[SourceVersionDate "2021.06.05"]
[SourceQuality "1"]

1. e4 Nf6 2. e5 Nd5 3. d4 d6 4. Nf3 dxe5 5. Nxe5 c6 6. Bc4 Be6 7. Bb3 g6 8. O-O
Bg7 9. Re1 Nd7 10. Nf3 Nc7 11. c3 O-O 12. Bc2 Bd5 13. Bg5 Re8 14. Nbd2 b5 15.
Ne4 Ne6 16. Bh4 Nb6 17. b3 Rc8 18. b4 Nc4 19. a4 a5 20. bxa5 bxa4 21. Bxa4 Ra8
22. Qe2 Qxa5 23. Bxc6 Nf4 24. Qf1 Qxa1 25. Bxd5 Qxe1 26. Nxe1 Nxd5 27. Qxc4 Ra1
28. f3 Ne3 29. Qe2 Bh6 30. Bf2 Nd1 31. Nf6+ exf6 32. Qxe8+ Kg7 33. c4 Ra2 34.
Bh4 Be3+ 35. Kh1 g5 36. Bg3 Bxd4 37. h4 gxh4 38. Bd6 Be3 39. Qf8+ Kg6 40. Qg8+
Kh5 41. Qg4+ Kh6 42. Bf8# 1-0

[Event "GBR-ch108 Week One Open"]
[Site "Torquay"]
[Date "2022.08.09"]
[Round "3"]
[White "Rushbrooke, Remy"]
[Black "Tambini, Jasper"]
[Result "1-0"]
[WhiteElo "1912"]
[BlackElo "2040"]
[PlyCount "73"]
[EventDate "2022.08.08"]
[EventType "swiss"]
[EventRounds "7"]
[EventCountry "GBR"]
[SourceTitle "BritBase"]
[Source "John Saunders"]
[SourceDate "2021.06.05"]
[SourceVersion "1"]
[SourceVersionDate "2021.06.05"]
[SourceQuality "1"]

1. d4 d5 2. Nc3 Nf6 3. Bg5 Nbd7 4. Nf3 e6 5. e4 dxe4 6. Nxe4 Be7 7. Nxf6+ Bxf6
8. h4 h6 9. Bf4 a6 10. Qd2 b5 11. O-O-O Bb7 12. Be2 Nb6 13. g4 Qd5 14. Qa5 Qe4
15. Qd2 Nc4 16. Bxc4 bxc4 17. Ne5 c3 18. bxc3 Rb8 19. Rhe1 Be7 20. Nc4 Qc6 21.
Qd3 Qa4 22. Bxc7 O-O 23. Bxb8 Rxb8 24. Qg3 Rc8 25. Ne5 a5 26. g5 hxg5 27. hxg5
Bxg5+ 28. Qxg5 Qa3+ 29. Kd2 Qxc3+ 30. Ke2 Ba6+ 31. Nd3 Qxc2+ 32. Ke3 e5 33.
dxe5 f6 34. exf6 Re8+ 35. Kf4 Qc7+ 36. Ne5 Rf8 37. Rd7 1-0

[Event "GBR-ch108 Week One Open"]
[Site "Torquay"]
[Date "2022.08.09"]
[Round "3"]
[White "Skettos, Nicolas"]
[Black "Rathbone-Jones, Ifan"]
[Result "1-0"]
[WhiteElo "1921"]
[BlackElo "2006"]
[PlyCount "71"]
[EventDate "2022.08.08"]
[EventType "swiss"]
[EventRounds "7"]
[EventCountry "GBR"]
[SourceTitle "BritBase"]
[Source "John Saunders"]
[SourceDate "2021.06.05"]
[SourceVersion "1"]
[SourceVersionDate "2021.06.05"]
[SourceQuality "1"]

1. e4 d5 2. exd5 Nf6 3. Bb5+ Bd7 4. Be2 Nxd5 5. d4 e6 6. Nf3 c5 7. c4 Nf6 8. d5
Bd6 9. Nc3 exd5 10. cxd5 h6 11. O-O O-O 12. Nd2 a6 13. Nc4 Ne8 14. Be3 Qc7 15.
Nxd6 Nxd6 16. Bf4 Bf5 17. Bd3 Bxd3 18. Qxd3 Qd7 19. Rfe1 Rd8 20. Ne4 Nxe4 21.
Qxe4 a5 22. Rad1 Na6 23. d6 Nb4 24. Qc4 Rac8 25. a3 b5 26. Qc3 Nc6 27. Qxc5 Nb4
28. Qh5 g6 29. Qxh6 Rc5 30. Be5 Rxe5 31. Rxe5 Nc6 32. Re3 Qg4 33. Rde1 Ne5 34.
Rxe5 Qd7 35. R5e4 f5 36. Re7 1-0

[Event "GBR-ch108 Week One Open"]
[Site "Torquay"]
[Date "2022.08.10"]
[Round "4"]
[White "Arkell, Keith C"]
[Black "Lane, Gary W"]
[Result "0-1"]
[WhiteElo "2409"]
[BlackElo "2328"]
[PlyCount "82"]
[EventDate "2022.08.08"]
[EventType "swiss"]
[EventRounds "7"]
[EventCountry "GBR"]
[SourceTitle "BritBase"]
[Source "John Saunders"]
[SourceDate "2021.06.05"]
[SourceVersion "1"]
[SourceVersionDate "2021.06.05"]
[SourceQuality "1"]

1. d4 f5 2. Nf3 Nf6 3. c4 g6 4. g3 Bg7 5. Bg2 O-O 6. O-O d6 7. Nc3 Nc6 8. d5
Ne5 9. Qb3 Nxf3+ 10. exf3 e5 11. dxe6 Bxe6 12. f4 Rb8 13. Be3 b5 14. Bd5 Nxd5
15. cxd5 Bf7 16. Qb4 c5 17. Qb3 b4 18. Nd1 Qc7 19. Bd2 c4 20. Qa4 a5 21. a3 Qc5
22. axb4 axb4 23. Ne3 Bxb2 24. Rab1 c3 25. Rxb2 cxb2 26. Qb3 Qd4 27. Rd1 Rfc8
28. h4 Rc5 29. Kh2 Rxd5 30. Be1 Qxd1 31. Nxd1 Rxd1 32. Qxd1 Ba2 33. Qxd6 Re8
34. Bxb4 b1=Q 35. Bc3 Qe4 36. Qf6 Re7 37. Qh8+ Kf7 38. Qxh7+ Ke8 39. Qxg6+ Bf7
40. Qa6 Bd5 41. Qf1 Rb7 0-1

[Event "GBR-ch108 Week One Open"]
[Site "Torquay"]
[Date "2022.08.10"]
[Round "4"]
[White "Collins, Jonathan L"]
[Black "Rushbrooke, Remy"]
[Result "0-1"]
[WhiteElo "1823"]
[BlackElo "1912"]
[PlyCount "62"]
[EventDate "2022.08.08"]
[EventType "swiss"]
[EventRounds "7"]
[EventCountry "GBR"]
[SourceTitle "BritBase"]
[Source "John Saunders"]
[SourceDate "2021.06.05"]
[SourceVersion "1"]
[SourceVersionDate "2021.06.05"]
[SourceQuality "1"]

1. e4 e5 2. Nf3 Nf6 3. Nxe5 d6 4. Nf3 Nxe4 5. Nc3 Nxc3 6. bxc3 Be7 7. d4 O-O 8.
Qd3 Nd7 9. Be2 b6 10. h4 a5 11. Ng5 Nf6 12. Qf3 Bg4 13. Qd3 Bxe2 14. Kxe2 Qd7
15. Be3 d5 16. f3 b5 17. g4 c6 18. Rag1 Ba3 19. Nh3 Ne8 20. Ng5 f5 21. gxf5
Rxf5 22. Rg4 Nd6 23. Rhg1 Re8 24. Kf2 Nc4 25. Bf4 Bf8 26. h5 h6 27. Nh3 Rxh5
28. Rh1 Qe6 29. Ng5 hxg5 30. Rxh5 Qe1+ 31. Kg2 Re2+ 0-1

[Event "GBR-ch108 Week One Open"]
[Site "Torquay"]
[Date "2022.08.10"]
[Round "4"]
[White "Dignam, Matthew P"]
[Black "Rathbone-Jones, Ifan"]
[Result "1-0"]
[WhiteElo "2080"]
[BlackElo "2006"]
[PlyCount "79"]
[EventDate "2022.08.08"]
[EventType "swiss"]
[EventRounds "7"]
[EventCountry "GBR"]
[SourceTitle "BritBase"]
[Source "John Saunders"]
[SourceDate "2021.06.05"]
[SourceVersion "1"]
[SourceVersionDate "2021.06.05"]
[SourceQuality "1"]

1. e4 d6 2. d4 Nf6 3. Nc3 g6 4. Be3 a6 5. h3 b5 6. e5 Nfd7 7. Qf3 Ra7 8. Qg3
Bg7 9. f4 Nb6 10. Nf3 Bf5 11. Nh4 Bxc2 12. Rc1 b4 13. Rxc2 bxc3 14. bxc3 Nd5
15. Bd2 Rb7 16. Bc4 Rb1+ 17. Bc1 Nb6 18. Bd3 e6 19. O-O dxe5 20. fxe5 O-O 21.
Nf3 c5 22. Rcf2 Ra1 23. Ba3 Rxf1+ 24. Rxf1 Na4 25. Ng5 h6 26. Nxf7 Rxf7 27.
Rxf7 Kxf7 28. Qxg6+ Kf8 29. Bc2 Qa5 30. Bxa4 Qxa4 31. Bxc5+ Kg8 32. Qxe6+ Kh8
33. Qc8+ Kh7 34. Qxb8 Qd1+ 35. Kh2 Qe2 36. Qb1+ Kh8 37. Qf5 h5 38. e6 h4 39. e7
Kg8 40. Qc8+ 1-0

[Event "GBR-ch108 Week One Open"]
[Site "Torquay"]
[Date "2022.08.10"]
[Round "4"]
[White "Tambini, Jasper"]
[Black "Skettos, Nicolas"]
[Result "1/2-1/2"]
[WhiteElo "2040"]
[BlackElo "1921"]
[PlyCount "119"]
[EventDate "2022.08.08"]
[EventType "swiss"]
[EventRounds "7"]
[EventCountry "GBR"]
[SourceTitle "BritBase"]
[Source "John Saunders"]
[SourceDate "2021.06.05"]
[SourceVersion "1"]
[SourceVersionDate "2021.06.05"]
[SourceQuality "1"]

1. e4 e6 2. d4 d5 3. e5 c5 4. c3 Nc6 5. Nf3 Bd7 6. Be2 Nge7 7. Na3 cxd4 8. cxd4
Nf5 9. Nc2 Qb6 10. O-O Na5 11. b3 Bb5 12. Bb2 Be7 13. Ne3 Nxe3 14. fxe3 O-O 15.
Bd3 Nc6 16. Ne1 f6 17. exf6 Rxf6 18. Rxf6 Bxf6 19. Rc1 Bxd3 20. Nxd3 Nb4 21. a3
Nxd3 22. Qxd3 Bg5 23. Re1 Qc6 24. g3 Bf6 25. Rc1 Qb6 26. Kg2 Rf8 27. a4 Qd6 28.
e4 dxe4 29. Qxe4 Rd8 30. Qxb7 Bxd4 31. Bxd4 Qxd4 32. Rf1 Qd5+ 33. Qxd5 Rxd5 34.
h4 Rd3 35. Rf3 Rd2+ 36. Kh3 h5 37. a5 Rd5 38. b4 Rb5 39. Rf4 e5 40. Re4 Kf7 41.
g4 g6 42. Rc4 Ke6 43. Rc6+ Kf7 44. gxh5 gxh5 45. Rh6 Rxb4 46. Rxh5 Kf6 47. Rh7
a6 48. Rh6+ Kf5 49. Rxa6 Rb3+ 50. Kg2 Kg4 51. Rb6 Ra3 52. Rb4+ Kh5 53. Rb5 Kxh4
54. Rxe5 Kg4 55. Kf2 Kf4 56. Rh5 Ke4 57. Rh4+ Kd5 58. Ke2 Kc5 59. Rh5+ Kb4 60.
Rh4+ 1/2-1/2

[Event "GBR-ch108 Week One Open"]
[Site "Torquay"]
[Date "2022.08.11"]
[Round "5"]
[White "Dignam, Matthew P"]
[Black "Tambini, Jasper"]
[Result "1-0"]
[WhiteElo "2080"]
[BlackElo "2040"]
[PlyCount "57"]
[EventDate "2022.08.08"]
[EventType "swiss"]
[EventRounds "7"]
[EventCountry "GBR"]
[SourceTitle "BritBase"]
[Source "John Saunders"]
[SourceDate "2021.06.05"]
[SourceVersion "1"]
[SourceVersionDate "2021.06.05"]
[SourceQuality "1"]

1. e4 e5 2. Nf3 Nc6 3. Bc4 Bc5 4. O-O Nf6 5. d4 exd4 6. e5 d5 7. exf6 dxc4 8.
fxg7 Rg8 9. Bg5 Be7 10. Bxe7 Kxe7 11. Re1+ Be6 12. Re4 d3 13. Nbd2 Qd5 14. c3
Rxg7 15. Qe1 Rag8 16. g3 Rg4 17. Qe3 h5 18. Re1 Kd8 19. b3 cxb3 20. c4 Rxe4 21.
Nxe4 Qxc4 22. axb3 Qb5 23. Nc5 Bf5 24. Ne5 Be6 25. Nxe6+ fxe6 26. Nf7+ Ke7 27.
Qxe6+ Kf8 28. Qf6 d2 29. Nh6# 1-0